Dasar-dasar utama kerajaan Malaysia

Bibliographic Details
Other Authors: Ambrin Buang
Format: Book
Published: Kuala Lumpur : INTAN , 1990
Edition:Ed. ke-2
Subjects:

MARC

LEADER 00000cam a2200000 7i4500
001 0000009634
005 20050625.0
020 |a 9679933067 
040 |a INS 
090 0 0 |a JQ715.A1   |b D37 1990 
245 0 0 |a Dasar-dasar utama kerajaan Malaysia   |c editor, Ambrin Buang 
250 |a Ed. ke-2 
260 |a Kuala Lumpur :   |b INTAN ,   |c 1990 
300 |a 138p ;   |c 21 cm. 
651 0 |a Malaysia   |x Economic policy 
651 0 |a Malaysia   |x Foreign relations 
651 0 |a Malaysia   |x Social policy 
700 0 |a Ambrin Buang 
999 |a 0000003686   |b BOOK   |c Open Shelf   |e Default branch 
999 |a 0000004100   |b BOOK   |c Open Shelf   |e Default branch